[Event "Kuwait Rapid op 1st"]
[Site "Kuwait City"]
[Date "2025.01.09"]
[Round "2"]
[White "Sulaiman, Hussain M"]
[Black "Adly, Ibrahim"]
[Result "0-1"]
[WhiteElo "1504"]
[BlackElo "1790"]
[PlyCount "81"]
[EventDate "2025.01.09"]
[EventType "swiss (rapid)"]
[EventRounds "9"]
[EventCountry "KUW"]
[SourceTitle "CB03_2025"]
[SourceDate "2025.01.15"]
[SourceVersion "1"]
[SourceVersionDate "2025.01.15"]
[SourceQuality "1"]

1. e4 c5 2. Nc3 Nc6 3. g3 e6 4. Bg2 Nf6 5. d3 Be7 6. f4 d6 7. Nf3 0-0 8. 0-0 a6 9. h3 Bd7 10. g4 b5 11. Qe1 b4 12. Nd1 Rc8 13. Ne3 a5 14. Kh1 Nd4 15. Nxd4 cxd4 16. Nc4 d5 17. e5 Ne8 18. Nd2 Rxc2 19. Nf3 Qb6 20. Qd1 Rc6 21. Bd2 Nc7 22. Rc1 Nb5 23. Qa4 Rfc8 24. Rxc6 Bxc6 25. Ra1 Nc3 26. Qc2 Ba4 27. Qc1 Bb5 28. Bf1 Qa6 29. bxc3 dxc3 30. Be3 Bxd3 31. Bxd3 Qxd3 32. Kg2 Qe4 33. Qe1 a4 34. Kg3 h6 35. Rd1 Qc4 36. Ra1 b3 37. axb3 axb3 38. Rb1 c2 39. Ra1 b2 40. Ra7 Bb4 41. Qd1 0-1